R FOR DATA SCIENCE (Record no. 25228)

MARC details
000 -LEADER
fixed length control field 00318nam a22001577a 4500
003 - CONTROL NUMBER IDENTIFIER
control field SGT
020 ## - INTERNATIONAL STANDARD BOOK NUMBER
International Standard Book Number 9789355429827
082 ## - DEWEY DECIMAL CLASSIFICATION NUMBER
Classification number 005.7
Item number WIC
100 ## - MAIN ENTRY--PERSONAL NAME
Personal name WICKHAM HADLEY
245 ## - TITLE STATEMENT
Title R FOR DATA SCIENCE
250 ## - EDITION STATEMENT
Edition statement 2ND
260 ## - PUBLICATION, DISTRIBUTION, ETC. (IMPRINT)
Place of publication, distribution, etc INDIA
Name of publisher, distributor, etc SPD
Year of Publication 2023
300 ## - PAGE DESCRIPTION
No. of Pages 550
650 ## - SUBJECT ADDED ENTRY--TOPICAL TERM
Topical term or geographic name as entry element SCIENCE
942 ## - ADDED ENTRY ELEMENTS (KOHA)
Source of classification or shelving scheme Dewey Decimal Classification
Koha item type Books
942 ## - ADDED ENTRY ELEMENTS (KOHA)
-- 6
Holdings
Withdrawn status Lost status Source of classification or shelving scheme Damaged status Not for loan Home library Current library Date acquired Vendor Name Cost, normal purchase price SGTU Bill Number Total Checkouts Full call number Accession No. (Barcode) Date last seen Date last borrowed Bill Date Koha item type Checked out
    Dewey Decimal Classification     SGT Science & Social Sciences Library SGT Science & Social Sciences Library 31/10/2023 ABC 2100.00 SGTU 17626 2 005.7 WIC PS7013 30/05/2025 29/05/2025   Books  
    Dewey Decimal Classification     SGT Science & Social Sciences Library SGT Science & Social Sciences Library 31/10/2023 ABC 2100.00 SGTU 17626 2 005.7 WIC PS7014 26/03/2026 26/03/2026   Books 09/04/2026
    Dewey Decimal Classification     SGT Science & Social Sciences Library SGT Science & Social Sciences Library 31/10/2023 ABC 2100.00 SGTU 17626 2 005.7 WIC PS7015 09/10/2024 27/09/2024   Books  
    Dewey Decimal Classification     SGT Science & Social Sciences Library SGT Science & Social Sciences Library 31/10/2023 ABC 2100.00 SGTU 17626 2 005.7 WIC PS7016 11/11/2024 28/10/2024   Books  
    Dewey Decimal Classification   Not For Loan SGT Science & Social Sciences Library SGT Science & Social Sciences Library 31/10/2023 ABC 2100.00 SGTU 17626   005.7 WIC PS7017 31/10/2023     Books